000 00659nam a2200205 u 4500
005 20230310063614.0
008 100422s2007 es r 000 0 spa d
020 _a9788498003529
035 _aUPN01000175469
049 _aCG
050 4 _aPR6005 L3.7
_bO4.6
100 1 _aClarke, Arthur Charles,
_d1917-2008
_931237
245 1 3 _aEl ojo del tiempo /
_cArthur C. Clarke y Stephen Baxter ; tr. Paula Gamissans Serna.
260 _aBarcelona, Esp. :
_bLa Factoria de Ideas,
_cc2007.
300 _a315 p.
534 _pTítulo original:
_tTime's eye
650 4 _aNovela inglesa
_94471
700 1 _aBaxter, Stephen,
_d1967-
_ecoaut.
_931238
905 _aLibro
999 _c147573
_d147573